000 00646 a2200193 4500
010 _aENG-89570
020 _c200.00
_a8170174848
035 _aEN-73103
037 _bDBAD / PUB
082 1 4 _a881
090 _c11166
_d11166
100 1 _aBasu, Romen
245 1 _aExhalations/
_cby Romen Basu
260 _aNew Delhi
_bAbhinav Publications
_c2006
270 _aE-37, Hauz Khas
_bNew Delhi
_e110 016
_cDelhi
_k26566387, 26562784, 26524658
_l26857009
_mwww.abhinavexports.com
300 _a90p.
_c22cm (Hb)
942 _adpl
_cEN
_k881/ BAS
999 _c10861
_d10861